UBT Library

A Textbook of Historlogy (Record no. 54615)

000 -LEADER
fixed length control field 00269nam a22001217a 4500
008 - FIXED-LENGTH DATA ELEMENTS--GENERAL INFORMATION
fixed length control field 190306b xxu||||| |||| 00| 0 eng d
041 ## - LANGUAGE CODE
Language code of text/sound track or separate title eng
080 ## - UNIVERSAL DECIMAL CLASSIFICATION NUMBER
Universal Decimal Classification number 611.085
100 ## - Rafti
Rafti 9
101 ## - Shkurtesa
Shkurtesa HISTOLOGJI
245 ## - TITLE STATEMENT
Title A Textbook of Historlogy
Statement of responsibility, etc Bloom
942 ## - ADDED ENTRY ELEMENTS (KOHA)
Source of classification or shelving scheme
Item type Books
Holdings
Withdrawn status Lost status Source of classification or shelving scheme Damaged status Not for loan Collection code Permanent location Current location Shelving location Date acquired Total Checkouts Full call number Barcode Date last seen Price effective from Koha item type
          Koleksioni i përgjithshem UBT - Lipjan UBT - Lipjan Koleksioni i përgjithshem 03/06/2019   611.085 BLO 002-3022894 03/06/2019 03/06/2019 Books
UBT Library © 2015-2024. All rights reserved University Education for Business and Technology